Rozpoznaj stadiony po zdjęciach - Statystyki

Ogólne statystyki
  • Ten quiz został rozwiązany 68 razy
    38 od ostatniego zresetowania
  • Średni wynik to 12 z 50
Statystyki odpowiedzi
Obrazkowy Odpowiedź % Poprawnych
Camp Nou
95%
Santiago Bernabeu
77%
Old Trafford
73%
San Siro
68%
Stadion Narodowy
68%
Stamford Bridge
68%
Allianz Arena
64%
Anfield
64%
Wembley
59%
Johan Cruyff Arena
45%
Signal Iduna Park
45%
Etihad Stadium
41%
Maracana
32%
Olympiastadion
32%
Parc des Princes
32%
Tarczyński Arena
32%
Mestalla
27%
Stade Velodrome
27%
Juventus Stadium
23%
Emirates Stadium
18%
La Bombonera
18%
BayArena
14%
Estadio Azteca
14%
Estadio da Luz
14%
Stadion Kriestowskij
14%
Arena Nationala
9%
Estadio do Dragao
9%
Lusail Stadium
9%
Łużniki
9%
Philips Stadion
9%
Puskas Arena
9%
Adler Ariena
5%
Cairo International Stadium
5%
Celtic Park
5%
Ernst-Happel-Stadion
5%
Estadio Monumental
5%
Friends Arena
5%
Millennium Stadium
5%
Nissan International Stadium
5%
Parken
5%
Ptasie Gniazdo
5%
Stade Louis II
5%
Stadio Artemio Franchi
5%
Stadio Diego Armando Maradona
5%
Ali Sami Yen
0%
Bloomfield Stadium
0%
Cape Town Stadium
0%
FNB Stadium
0%
San Mames
0%
SoFi Stadium
0%
Nie znaleziono quizów pasujących do podanych kryteriów
Rozkład punktacji
Procent ludzi z każdym wynikiem
Percentyl według liczby udzielonych odpowiedzi
Twoja historia wyników
Nie rozwiązałeś tego quizu od ostatniego zresetowania